000 01115nam a2200229 i 4500
001 117940
003 ES-MaACL
005 20250910063116.0
007 t|
008 070214m19641965sp r ||||1| spa d
100 1 _aPeláez Redondo, Julio,
_d1915-2001
_9130961
245 1 0 _aManual de patología médica /
_cJulio Peláez Redondo, A. Peña Yañez.
260 _aMadrid :
_bPaz Montalvo,
_c1964-1965.
300 _a4 v. :
_bil ;
_c25 cm.
505 8 _aContiene: v. 1. Aparato respiratorio, aparato circulatorio, intoxicaciones, enfermedades por agentes físicos (846 p.) -- v.2. Aparato digestivo, riñón (847 p.) -- v. 3. Sistema nervioso, sangre y órganos hematopoyéticos, aparato locomotor (871 p.) -- v. 4. Enfermedades infecciosas y parasitarias, enfermedades del metabolismo y de la nutrición, endocrinología, enfermedades del colágeno (907 p.)
596 _aVol. 3 publicado en 1965.
650 0 4 _aPatología.
_915884
700 1 _aPeña Yáñez, Arsacio.
_990294
852 _aES-MaACL
_jF-2018-21
_bR.55177
852 _aES-MaACL
_jP-1523
_z.- Vol. 1 y 2
999 _c117940
_d117940